| 000 | 00630nam a22001937a 4500 | ||
|---|---|---|---|
| 003 | 0 | ||
| 005 | 20230928101547.0 | ||
| 008 | 230928b xxu||||| |||| 00| 0 eng d | ||
| 020 | _a978-1-64726-322-5 | ||
| 050 |
_aLB 1576 _b.P96 2023 |
||
| 100 | _aPowers, Alice | ||
| 245 |
_aEnglish language and learning a beginner's guide _cAlice Powers |
||
| 260 |
_aNew York _bClanrye International _cc2023. |
||
| 300 |
_aviii, 241 pages ; _c27 cm. |
||
| 500 | _aEnglish language--Study and teaching. | ||
| 504 | _aIncludes bibliographical references and index. | ||
| 650 | _aEnglish language--Study and teaching. | ||
| 942 |
_2lcc _cBK |
||
| 999 |
_c365424 _d365424 |
||